| 000 | 00609nam a22001577a 4500 | ||
|---|---|---|---|
| 040 | _cNUST | ||
| 082 | _a200 | ||
| 100 |
_aRaja Hina _931611 |
||
| 110 |
_aSupervisor Dr. Muhammad Usman Akram Co-Supervisor Brig. Dr. Shoab Ahmed Khan _984359 |
||
| 245 |
_aHybrid Deep Learning Framework for the Analysis of Ganglion Cell Complex and Optic Nerve Head from SD-OCT Scans/ _cHina Raja |
||
| 260 |
_aRawalpindi: _bNUST COLLEGE OF EME, _c2021. |
||
| 300 |
_a138,p; _bill; _c30,cm. |
||
| 650 |
_aPhD-Computer Engineering _990709 |
||
| 856 | _uhttp://10.250.8.41:8080/xmlui/handle/123456789/34755 | ||
| 942 |
_2ddc _cSC |
||
| 999 |
_c586822 _d586822 |
||